00269nam a22000857a 4500008004100000082001600041100000800057245010900065300000900174230703b xxu||||| |||| 00| 0 eng d a342.73bIPU cIPU aThe Convention on the Elimination of All forms of discrimination against women and its optional protocal a121p